Normal view
MARC view
Entry Personal Name
001 - CONTROL NUMBER
- control field: 11978
003 - CONTROL NUMBER IDENTIFIER
- control field: OSt
005 - DATE AND TIME OF LATEST TRANSACTION
- control field: 20170327185607.0
008 - FIXED-LENGTH DATA ELEMENTS
- fixed length control field: 170327|| aca||aabn | a|a d
040 ## - CATALOGING SOURCE
- Original cataloging agency: OSt
- Transcribing agency: OSt
100 ## - HEADING--PERSONAL NAME
- Personal name: Ellis, Janice Rider.
670 ## - SOURCE DATA FOUND
- Source citation: Work cat.: (OSt)5760: Ellis, Janice Rider., Nursing in today's world :, 1984.
